| 000 | 00487cam a2200205ua 4500 | ||
|---|---|---|---|
| 001 | 6724 | ||
| 005 | 20260515114109.0 | ||
| 008 | 140319n ii |||gr||||Z||||||asm | ||
| 020 | _a81-7206-176-8 | ||
| 040 | _cMAIN | ||
| 082 | _a650 | ||
| 245 | _aBanijya lakhimi | ||
| 250 | _a7th ed. | ||
| 260 |
_aGuwahati: _bBani mandir, _c2007. |
||
| 300 | _ax,109p. | ||
| 653 | _aManagement & auxiliary services | ||
| 653 | _aBanijya lakhimi | ||
| 700 |
_aBora,Mahendra, _eEditor. |
||
| 942 | _cBK | ||
| 999 |
_c5867 _d5867 |
||